El filósofo y la teología

Saved in:
Bibliografiske detaljer
Hovedforfatter: Gilson, Étienne (autor)
Format: Bog
Sprog:spansk
Udgivet: Madrid Guadarrama 1962
Serier:Cristianismo y Hombre Actual, 32
Fag:
Tags: Tilføj Tag
Ingen Tags, Vær først til at tagge denne postø!

MARC

LEADER 00000cam a2200000 a 4500
001 UCY4797
003 CL-VaPUC
008 950329e19620000SP |||||||||||||||||spa|d
082 0 4 |a 109  |b GIL  |2 21 
100 |a Gilson, Étienne  |e autor  |9 349171 
245 1 3 |a El filósofo y la teología 
300 |a 288 p 
942 |c BK 
945 |d 19950329 00:00:00  |a aalvarez 
260 |a Madrid  |b Guadarrama  |c 1962 
650 0 |a Filosofía de la religión   |9 256017 
583 |a last modification  |c 20181204 01:15:25  |k Rodrigo Vera 
490 0 |a Cristianismo y Hombre Actual, 32 
999 |c 232561  |d 232559 
952 |0 0  |1 0  |4 0  |6 109_000000000000000_GIL_1962  |7 0  |8 A  |9 237251  |a BIBEDU  |b BIBEDU  |d 2019-11-15  |i 3070506  |l 5  |m 2  |o 109 GIL 1962  |p 3070506  |r 2024-08-22  |s 2024-08-20  |w 2019-11-15  |y BK  |k FIL 
952 |0 0  |1 0  |4 0  |6 109_000000000000000_GIL_1962  |7 0  |8 A  |9 237252  |a BIBTEO  |b BIBTEO  |d 2019-11-15  |i 2079429  |o 109 GIL 1962  |p 2079429  |r 2025-01-17  |w 2019-11-15  |y BK  |k ICR 
952 |0 0  |1 0  |3 erb  |4 0  |6 109_000000000000000_GIL_1962  |7 0  |8 A  |9 237253  |a BIBTEO  |b BIBTEO  |e Precht Pizarro, Jorge Enrique  |i 5521106  |o 109 GIL 1962  |p 5521106  |r 2025-01-17  |w 2019-11-15  |x Descarte 2019  |y BK  |z Catalogado en:20181207  |k ICR